Tony Ferguson - UFC Opponents - Statistics

General Stats
  • This quiz has been taken 62 times
  • The average score is 9 of 24
Answer Stats
Date W/L/D Opponent % Correct
09/05/20 LOSS - TKO - R5 [IC] Justin Gaethje
91%
07/05/22 LOSS - KO - R2 Michael Chandler
89%
16/12/23 LOSS - U/DEC - R3 Paddy Pimblett
79%
12/12/20 LOSS - U/DEC - R3 Charles Oliveira
74%
06/10/18 WIN - TKO - R2 Anthony Pettis
70%
29/07/23 LOSS - SUB - R3 Bobby Green
64%
03/08/24 LOSS - SUB - R1 Michael Chiesa
62%
09/10/22 LOSS - SUB - R4 Nate Diaz
60%
15/05/21 LOSS - U/DEC - R3 Beneil Dariush
53%
07/10/17 WIN - SUB - R3 [IC] Kevin Lee
53%
08/06/19 WIN - TKO - R2 Donald Cerrone
51%
11/12/15 WIN - SUB - R2 Edson Barboza
49%
05/05/12 LOSS - U/DEC - R3 Michael Johnson
43%
05/11/16 WIN - U/DEC - R5 Rafael Dos Anjos
38%
28/02/15 WIN - SUB - R1 Gleison Tibau
15%
13/07/16 WIN - SUB - R2 Lando Vannata
9%
15/07/15 WIN - U/DEC - R3 Josh Thompson
6%
06/12/14 WIN - SUB - R2 Abel Trujillo
4%
24/05/14 WIN - KO - R1 Katsunori Kikuno
4%
04/06/11 WIN - TKO - R1 Ramsey Nijem
4%
03/12/11 WIN - U/DEC - R3 Yves Edwards
4%
30/08/14 WIN - S/DEC - R3 Danny Castillo
2%
19/10/13 WIN - SUB - R1 Mike Rio
2%
24/09/11 WIN - TKO - R1 Aaron Riley
0%
No matching quizzes found
Score Distribution
Percent of People with Each Score
Percentile by Number Answered
Your Score History
You have not taken this quiz